India United Nations and the post cold war era / (Record no. 52182)

MARC details
000 -LEADER
fixed length control field 01006nam a22002777a 4500
005 - DATE AND TIME OF LATEST TRANSACTION
control field 2011050904084.0
008 - FIXED-LENGTH DATA ELEMENTS--GENERAL INFORMATION
fixed length control field 110509t xxu||||| |||| 00| 0 eng d
010 ## - LCCN (DPL NO)
LC control number ENG-102393
020 ## - INTERNATIONAL STANDARD BOOK NUMBER
International Standard Book Number 9788178312255
Terms of availability 400.00
035 ## - SYSTEM CONTROL NUMBER
System control number EN-85926
037 ## - SOURCE OF ACQUISITION
Source of stock number/acquisition DBAD/PUB
040 ## - CATALOGING SOURCE
Original cataloging agency dpl
Language of cataloging Eng
082 ## - DEWEY DECIMAL CLASSIFICATION NUMBER
Classification number 327.54
100 ## - MAIN ENTRY--PERSONAL NAME
9 (RLIN) 27787
Personal name Faridi, M.H.
245 ## - TITLE STATEMENT
Title India United Nations and the post cold war era /
Statement of responsibility, etc by M.H. Faridi
260 ## - PUBLICATION, DISTRIBUTION, ETC. (IMPRINT)
Place of publication, distribution, etc New Delhi
Name of publisher, distributor, etc Manak Publications
Date of publication, distribution, etc 2010
270 ## - ADDRESS
Address B-7, Saraswati Complex, Subhash Chowk, Laxmi Nagar
City New Delhi
Postal code 110092
Telephone number 22453894,22042529
Electronic mail address manak_publications@hotmail.com
300 ## - PHYSICAL DESCRIPTION
Extent xviii,236p.
Dimensions 23cm (Hb)
500 ## - GENERAL NOTE
General note Includes bibliographical references and index
650 ## - SUBJECT ADDED ENTRY--TOPICAL TERM
9 (RLIN) 27775
650 ## - SUBJECT ADDED ENTRY--TOPICAL TERM
9 (RLIN) 27814
651 ## - SUBJECT ADDED ENTRY--GEOGRAPHIC NAME
9 (RLIN) 27815
700 ## - ADDED ENTRY--PERSONAL NAME
9 (RLIN) 27776
942 ## - ADDED ENTRY ELEMENTS (KOHA)
Source of classification or shelving scheme Dewey Decimal Classification
Item type English Books
Classification part 327.54
Call number suffix FAR
Holdings
Withdrawn status Lost status Source of classification or shelving scheme Damaged status Not for loan Collection code Home library Current library Date acquired Source of acquisition Cost, normal purchase price Total Checkouts Full call number Barcode Date last seen Copy number Cost, replacement price Koha item type
    Dewey Decimal Classification   Not For Loan Non-fiction D.B.Act.Division D.B.Act.Division 09/05/2011 DBAD / PUB 400.00   327.54 FAR EN-85926 09/05/2011 1 400.00 English Books

© Delhi Public Library
Hit Counter
free hit counter